Tableau des médailles olympiques - Escrime - Statistiques

Statistiques générales
  • Ce quiz a été pris 137 fois
    61 depuis la dernière actualisation
  • Le résultat moyen est 11 sur 15
Statistiques - réponses
Total Or Argent Bronze Pays % Correct
130 45 47 38 France
100%
31 5 10 16 États-Unis
98%
8 3 3 2 Japon
93%
135 50 49 36 Italie
91%
15 5 7 3 Chine
89%
34 16 9 9 Russie
88%
25 6 8 11 Allemagne
84%
16 7 8 1 Allemagne de l'Ouest
84%
93 39 25 29 Hongrie
79%
18 7 4 7 Corée du Sud
71%
23 4 9 10 Pologne
64%
49 18 15 16 Union soviétique
59%
17 4 6 7 Roumanie
55%
10 3 3 4 Belgique
52%
16 5 5 6 Cuba
25%
Aucun quiz correspondant
Distribution des résultats
% des personnes avec chaque résultat
Percentile par nombre de réponses
Votre historique - résultats
Vous n’avez pas pris ce quiz depuis la dernière actualisation